Mortgaging the earth : World Bank environmental impoverishment and the crisis of development
Αποθηκεύτηκε σε:
| Κύριος συγγραφέας: | |
|---|---|
| Μορφή: | Βιβλίο |
| Γλώσσα: | English |
| Δημοσίευση: |
London :
Earthscan publications,
1994.
|
| Θέματα: | |
| Ετικέτες: |
Προσθήκη ετικέτας
Δεν υπάρχουν, Καταχωρήστε ετικέτα πρώτοι!
|
MARC
| LEADER | 00000cam a2200000 i 4500 | ||
|---|---|---|---|
| 001 | 1/14886 | ||
| 008 | 980512s1994 enk| ||| |||| ||eng|| | ||
| 020 | |a 1853832219 | ||
| 035 | |l 10019594 | ||
| 040 | |a GR-MyUa |b |e AACR2 | ||
| 041 | 0 | |a eng | |
| 082 | 7 | |a 332.1532 |2 (22) | |
| 100 | 1 | |a Rich, Bruce. | |
| 245 | 1 | 0 | |a Mortgaging the earth : |b World Bank environmental impoverishment and the crisis of development / |c Bruce Rich. |
| 260 | |a London : |b Earthscan publications, |c 1994. | ||
| 300 | |a 376 σ. ; |c 23 εκ. | ||
| 504 | |a Περιλαμβάνει βιβλιογραφικές παραπομπές και ευρετήριο. | ||
| 610 | 2 | 0 | |a World Bank |z Developing countries. |
| 650 | 0 | |a Environmental policy |z Developing countries. | |
| 650 | 0 | |a Economic assistance |z Developing countries. | |
| 852 | |a INST |b LESVOS |e 19980512 |h 332.1532 RIC |p 005100014447 |q 005100014447 |t BK |y 0 | ||
| 901 | |a BIBL-1998-2 | ||
| 922 | |a 1ΕΛΗ |b 199805 |c ΚΠΣ/ΤΠ |d ΠΑΠΑΣΩΤΗΡΙΟΥ | ||
| 950 | |a 107-1998-03-04 | ||